000 00757na a2200277 4500
001 22201
003 MIRAKIL
005 20181213155254.0
008 170212b tu 000 0
035 _a22201
040 _aMilas
_btur
_cTR-AnCHP
041 _atur
090 _aSHP 35
110 _aSosyaldemokrat Halkçı Parti (SHP)
245 _aBelediye yönetimi el kitabı
_cİdare ve İcra Komisyonu
260 _aAnkara
_b[yay.y.]
_cNisan 1989
300 _a68 s.
_c20 sm.
650 _aBelediyeler
_xSHP
_yTarih
650 _aSHP
_xBelediyeler
_yTemel bilgiler
650 _aSiyasal partiler
_zTürkiye
700 _a
710 _aSosyaldemokrat Halkçı Parti (SHP)
830 _aSHP Yayınları
942 _2ddc
_cBKS
999 _c9690
_d9690